000 00949nas a2200289 4500
001 BR8306498
003 BR-BrBNA
005 20231205085732.0
007 ta
008 230509b bl.|||p| |||| 00| 00por d
040 _aBR-BrBNA
_bpor
_cBiblioteca Nacional de Agricultura
041 _a(Pt)
072 _aT01
100 1 _aSimon, Z.
111 1 _a2. Encontro Latino-Americano de Toxicologia e Formulacao de Defensivos Agricolas; 1. Simposio Nacional sobre Receituario Agronomico
_cPelotas, RS (Brazil)
_d10-14 Nov 1983
245 1 _aIntroducao a analise de risco ambiental para contaminantes
650 _aPOLUICAO AMBIENTAL
650 _aAGROTOXICO
650 _aRESIDUO INDUSTRIAL
650 _aPOLUENTE
650 _aAGUA
650 _aSOLO
650 _aAR
773 0 _tActa Toxicologica (Brazil)
_xISSN 0100-6029
_g(1983-1984), (v. 6-7) p. 51-85
_wBR8306498
909 _a202311
_bLúcia
_c55
_dLúcia Elande
942 _2AGRIS
_n0
_cANA
999 _c113442
_d113442